01120nac a22003011i 4500003000900000005001700009008004100026020001800067020001500085040004300100082002300143245009200166250002000258250002100278264004400299264001000343300004500353336002600398337002800424338002700452504005200479650004500531655001700576700003400593942001200627999001300639952016600652EG-ScBUE20241022091916.0100907t2000 nyua f b 001 0 eng d a9783540656203 a3540656200 aEG-ScBUEbengerdacEG-ScBUEdEG-ScBUE04a516.00285bCOM22200aComputational geometry :balgorithms and applications /cMark de Berg [and three othrs] aSecond edition. aRevised edition. 1aBerlin ;aNew York :bSpringer,c[2000] 4cc2000 axii, 367 pages :billustrations ;c25 cm 2rdacontentatextbtxt aunmediated2rdamediabn avolumebnc2rdacarrier aIncludes bibliographical references and index.  7aGeometryxData processing.2BUEsh918704 vReading book1 aDe Berg, M. de Berg,eauthor. cBB2ddc c422d422 00102ddc40708AlahramaMAINbMAINc1STd2013-04-06ePurchaseg300.00l2m10o516.00285 COMp000004203r2025-07-15 00:00:00s2015-09-01v375.00w2006-04-13yBB